000
00272nam a22001217a 4500
008
171101b xxu||||| |||| 00| 0 eng d
041
_a
AKB
080
_a
339.9
100
_a
59
101
_a
GLO
245
_a
INTEGRIMET EKONOMIKE EVROPIANE
_c
LIMANI.M
942
_2
udc
_c
BK
999
_c
37120
_d
37120